00476nam a2200145Ia 4500008004100000082001100041082000800052245007500060245003400135260003400169300000900203942000800212999001900220952009100239231017s9999 xx 000 0 und d a625.74 bBIR 0aChemical additive usage on unpaved roads in the mountain plains states 0cNorth Dakota State University bNorth Dakota State University c30cm cREP c606001d606001 00104070aNITbNITd2023-10-17l0o625.74 BIRpNIT-1686r2023-10-17w2023-10-17yREP